• 首页
  • 本馆介绍
  • 公告通知
  • 最新文献
  • 馆藏检索
  • 电子资源
  • 读者导购
  • 参考咨询
  • 我的图书馆
  • 登录
  • 详细信息显示
  • 放入我的书架
  • 预约/预借图书
  • 作者相关作品
  • 分类相关作品
  • 丛书相关作品
  • 出版社相关作品

书目信息

  • 表格格式
  • 工作单格式
  • 卡片格式
题名:
嵌入式可配置实时操作系统eCos软件开发
    
 
作者: 马萨 著 ;颜若麟 译
分册:  
出版信息: 北京   北京航空航天大学出版社  2006
页数: 336页
开本: 23cm
丛书名: Bruce Perens开源系列
单 册:
中图分类: TP316.2
科图分类:
主题词: 实时操作系统--软件开发 , 实时操作系统 , 软件开发
电子资源:
ISBN: 7-81077-732-7
000 01270oam2 2200337 450
001 003205161
005 20080303093752.12
010    @a7-81077-732-7@dCNY39.00
035    @a003205161
100    @a20060618d2006 em y0chiy0110 ea
101 1  @achi@ceng
102    @aCN@b110000
105    @ay z 000yy
106    @ar
200 1  @a嵌入式可配置实时操作系统eCos软件开发@Aqian ru shi ke pei zhi shi shi cao zuo xi tong eCos ruan jian kai fa@dEmbedded software development with eCos@f(美)Anthony J. Massa著@g颜若麟[等]译@zeng
210    @a北京@c北京航空航天大学出版社@d2006
215    @a336页@d23cm
225 2  @aBruce Perens开源系列
305    @a由Pearson Education, Inc.授权出版
330    @a本书全面介绍了eCos系统的体系结构及其各组成部分,包括eCos的实时内核、硬件抽象层、线程及同步机制、设备驱动、文件系统、网络支持等,详细阐述了eCos开发环境建立等。
461  0 @1001003218481@12001 @aBruce Perens开源系列
510 1  @aEmbedded software development with eCos@zeng
606 0  @a实时操作系统@x软件开发
606 0  @a实时操作系统
606 0  @a软件开发
610 0  @aeCos
690    @aTP316.2@v4
701  0 @c(美)@a马萨@Ama sa@c(Massa, Anthony J.)@4著
702  0 @a颜若麟@Ayan ruo lin@4译
801  0 @aCN@bNLC@c20080303
905    @dTP316.2@e460@f4
    
    嵌入式可配置实时操作系统eCos软件开发=Embedded software development with eCos/(美)Anthony J. Massa著/颜若麟[等]译.-北京:北京航空航天大学出版社,2006
    336页;23cm.-(Bruce Perens开源系列)
    
    
    ISBN 7-81077-732-7:CNY39.00
    本书全面介绍了eCos系统的体系结构及其各组成部分,包括eCos的实时内核、硬件抽象层、线程及同步机制、设备驱动、文件系统、网络支持等,详细阐述了eCos开发环境建立等。
●
相关链接 在E读中查询图书 在五车中查询图书 在当当中查询图书 在豆瓣中查询图书


正题名:嵌入式可配置实时操作系统eCos软件开发     索取号:TP316.2/460         预约/预借

序号 登录号 条形码 馆藏地/架位号 状态 备注
1 0793006   207930060   第二样本阅览室/ [索取号:TP316.2/460] 在馆    
2 0793007   207930079   第三借阅区/ [索取号:TP316.2/460] 在馆    
3 0793008   207930088   第三借阅区/ [索取号:TP316.2/460] 在馆    
4 0793009   207930097   第三借阅区/ [索取号:TP316.2/460] 在馆    
唐山师范学院图书馆 欢迎您!
大连网信软件有限公司© 版权所有